05387cas a2200529 i 4500001001000000003000400010005001700014008004100031040002500072043000900097110007600106245010500182264011900287300003200406310001200438362002900450500005800479650009000537942001500627952021500642952016300857952016301020952016301183952016301346952015801509952015801667952015801825952015801983952015902141952015902300952015902459952015902618952015702777952015702934952015703091952015703248952015903405952015903564952015903723952015903882952015904041952015704200952015704357952016304514952016304677999001704840000037058DLC20260211144025.0120209c20109999dr mr1p dd 0 0spa d aDO-SdBNPbspacBNPHU anwdr aPrograma de Apoyo a las Iniciativas Locales de la Sociedad Civil98899900aCuadernos de la sociedad civil / cPrograma de Apoyo a las Iniciativas Locales de la Sociedad Civil. aSanto Domingo, República Dominicana :bPrograma de Apoyo a las Iniciativas Locales de la Sociedad Civil, c2010. av. :bil., retrs. ;c22 cm. aMensual aNúmero 8. (abril 2010) aCatalogación basada en el Número 8. (abril 2010). 0aSociedad civil dominicana989001vPublicaciones periódicas zRepública Dominicana 2ddccISSUE 00102ddc56708SEaPDbPDd2012-04-17e4hno. 8. (abril 2010)i201204172012041720111106l0ono. 8p37058-8-1r2020-08-08w2020-08-08yISSUEzPerteneció a la biblioteca personal de Carlos Larrazábal Blanco 00102ddc56708SEaBNPHUbBNPHUd2026-02-06h no. 1. (agosto 2007)l0p2026-0808r2026-02-06te.1w2026-02-06zPerspectivas de la Sociedad civil Dominicana. 00102ddc56708SEaBNPHUbBNPHUd2026-02-06h no. 1. (agosto 2007)l0p2026-0809r2026-02-06te.2w2026-02-06zPerspectivas de la Sociedad civil Dominicana. 00102ddc56708SEaBNPHUbBNPHUd2026-02-06h no. 1. (agosto 2007)l0p2026-0810r2026-02-06te.3w2026-02-06zPerspectivas de la Sociedad civil Dominicana. 00102ddc56708SEaBNPHUbBNPHUd2026-02-06h no. 1. (agosto 2007)l0p2026-0811r2026-02-06te.4w2026-02-06zPerspectivas de la Sociedad civil Dominicana. 00102ddc56708SEaBNPHUbBNPHUd2026-02-06h no. 2. (agosto 2008)l0p2026-0812r2026-02-06te.1w2026-02-06zSociedad Política y Sociedad civil: . 00102ddc56708SEaBNPHUbBNPHUd2026-02-06h no. 2. (agosto 2008)l0p2026-0813r2026-02-06te.2w2026-02-06zSociedad Política y Sociedad civil: . 00102ddc56708SEaBNPHUbBNPHUd2026-02-06h no. 2. (agosto 2008)l0p2026-0814r2026-02-06te.3w2026-02-06zSociedad Política y Sociedad civil: . 00102ddc56708SEaBNPHUbBNPHUd2026-02-06h no. 2. (agosto 2008)l0p2026-0815r2026-02-06te.4w2026-02-06zSociedad Política y Sociedad civil: . 00102ddc56708SEaBNPHUbBNPHUd2026-02-06h no. 3. (octubre 2008)l0p2026-0816r2026-02-06te.1w2026-02-06zSociedad Política y Sociedad civil: . 00102ddc56708SEaBNPHUbBNPHUd2026-02-06h no. 3. (octubre 2008)l0p2026-0817r2026-02-06te.2w2026-02-06zSociedad Política y Sociedad civil: . 00102ddc56708SEaBNPHUbBNPHUd2026-02-06h no. 3. (octubre 2008)l0p2026-0818r2026-02-06te.3w2026-02-06zSociedad Política y Sociedad civil: . 00102ddc56708SEaBNPHUbBNPHUd2026-02-06h no. 3. (octubre 2008)l0p2026-0819r2026-02-06te.4w2026-02-06zSociedad Política y Sociedad civil: . 00102ddc56708SEaBNPHUbBNPHUd2026-02-06h no. 4. (marzo 2009)l0p2026-0820r2026-02-06te.1w2026-02-06zSociedad Política y Sociedad civil: . 00102ddc56708SEaBNPHUbBNPHUd2026-02-06h no. 4. (marzo 2009)l0p2026-0821r2026-02-06te.2w2026-02-06zSociedad Política y Sociedad civil: . 00102ddc56708SEaBNPHUbBNPHUd2026-02-06h no. 5. (julio 2009)l0p2026-0822r2026-02-06te.1w2026-02-06zSociedad Política y Sociedad civil: . 00102ddc56708SEaBNPHUbBNPHUd2026-02-06h no. 5. (julio 2009)l0p2026-0823r2026-02-06te.2w2026-02-06zSociedad Política y Sociedad civil: . 00102ddc56708SEaBNPHUbBNPHUd2026-02-06h no. 6. (octubre 2009)l0p2026-0824r2026-02-06te.1w2026-02-06zSociedad Política y Sociedad civil: . 00102ddc56708SEaBNPHUbBNPHUd2026-02-06h no. 6. (octubre 2009)l0p2026-0825r2026-02-06te.2w2026-02-06zSociedad Política y Sociedad civil: . 00102ddc56708SEaBNPHUbBNPHUd2026-02-06h no. 6. (octubre 2009)l0p2026-0826r2026-02-06te.3w2026-02-06zSociedad Política y Sociedad civil: . 00102ddc56708SEaBNPHUbBNPHUd2026-02-06h no. 6. (octubre 2009)l0p2026-0827r2026-02-06te.4w2026-02-06zSociedad Política y Sociedad civil: . 00102ddc56708SEaBNPHUbBNPHUd2026-02-06h no. 6. (octubre 2009)l0p2026-0828r2026-02-06te.5w2026-02-06zSociedad Política y Sociedad civil: . 00102ddc56708SEaBNPHUbBNPHUd2026-02-06h no. 8. (abril 2010)l0p2026-0829r2026-02-06te.1w2026-02-06zSociedad Política y Sociedad civil: . 00102ddc56708SEaBNPHUbBNPHUd2026-02-06h no. 8. (abril 2010)l0p2026-0830r2026-02-06te.2w2026-02-06zSociedad Política y Sociedad civil: . 00102ddc56708SEaBNPHUbBNPHUd2026-02-13h no. 5. (julio 2009)l0p2026-1143r2026-02-13te.3w2026-02-13yISSUEzSociedad Política y Sociedad civil: . 00102ddc56708SEaBNPHUbBNPHUd2026-02-13h no. 5. (julio 2009)l0p2026-1144r2026-02-13te.4w2026-02-13yISSUEzSociedad Política y Sociedad civil: . c36548d36548